Observations sur le consonantisme des mots d'emprunt turks en hongrois

Elmentve itt :
Bibliográfiai részletek
Szerző: Gombocz Zoltán
Dokumentumtípus: Cikk
Megjelent: Librairie ancienne Honoré Champion Paris 1928
Sorozat:Revue des Études Hongroises
Kulcsszavak:Magyar nyelv - jövevényszavak - török
Tárgyszavak:
Online Access:http://misc.bibl.u-szeged.hu/62567
LEADER 00802nab a2200217 i 4500
001 misc62567
005 20220929123112.0
008 220324s1928 hu o 0|| fre d
040 |a SZTE Miscellanea Repozitórium  |b hun 
041 |a fre 
100 1 |a Gombocz Zoltán 
245 1 0 |a Observations sur le consonantisme des mots d'emprunt turks en hongrois  |h [elektronikus dokumentum] /  |c  Gombocz Zoltán 
260 |a Librairie ancienne Honoré Champion  |b Paris  |c 1928 
300 |a 6 p.  |c 25 cm 
490 0 |a Revue des Études Hongroises 
561 |a Németh Gyula hagyaték 
591 |a NOA 1970 
650 4 |a Bölcsészettudományok 
650 4 |a Nyelvek és irodalom 
695 |a Magyar nyelv - jövevényszavak - török 
856 4 0 |u http://misc.bibl.u-szeged.hu/62567/1/1970_noa_g51.pdf  |z Dokumentum-elérés